000 01384nam0a22003011 4500
001 v19\rc\1829037
005 20071224120313.4
035 _a(NLR Aleph) 004925083
090 _a5619462
_c5619462
100 _a20071224g19081909|||y0rusy50 ca
101 0 _arus
102 _aRU
105 _ay j |||||
200 1 _aЛекции по науке публичных финансов, читанные приват-доцентом Казанского университета Г.А. Вацуро в 1906/7 учебном году
210 _aКазань
_cскл. изд. в кн. маг. Маркелова и Шаронова
_d1908-1909
_gтипо-лит. Имп. ун-та
215 _aXVI, 142, 145-266 с.
_d24
300 _aПеред загл.: Студенческое издание
300 _aИзд. вышло 2-мя вып. 1 вып. (с. XVI, 142) вышел в 1909 г., 2 (с. 145-266) - в 1908 г. Во 2 вып. нет тит. л. и указания скл. изд.; на обл.: типо-лит. И.Н. Харитонова
700 1 _aВацуро
_bГ. А.
_f1874-
_gГригорий Алексеевич
801 0 _aRU
_bNLR
_gpsbo
801 0 _aRU
_bRuMoRGB
_2psbo
801 1 _aRU
_bProSoft-M
_2rusmarc
852 _aNLR
_j37.27.5.44
899 _aRuMoRGB
_jS 20/774
899 _aRuMoRGB
_jU 1/167
899 _aБАН
942 _cBOOK
980 _aNB